Planety Układu Słonecznego W Pół Minuty! - Statystyki

Ogólne statystyki
  • Ten quiz został rozwiązany 220 razy
  • Średni wynik to 8 z 8
Statystyki odpowiedzi
Planety % Poprawnych
Jowisz
99%
Mars
99%
Saturn
98%
Ziemia
98%
Uran
96%
Neptun
94%
Merkury
92%
Wenus
90%
Nie znaleziono quizów pasujących do podanych kryteriów
Rozkład punktacji
Procent ludzi z każdym wynikiem
Percentyl według liczby udzielonych odpowiedzi
Twoja historia wyników
Nie rozwiązałeś tego quizu